Сборник клинических задач. Ч. 1 (Запись № 13542428)
[ простой вид ]
| 000 -МАРКЕР | |
|---|---|
| контрольное поле | 01638nam2a2200253 4500 |
| 001 - ИДЕНТИФИКАТОР ЗАПИСИ | |
| контрольное поле | RU\NLR\BIBL_A\022712710 |
| 005 - ИДЕНТИФИКАТОР ВЕРСИИ | |
| контрольное поле | 20260206130458.0 |
| 010 ## - МЕЖДУНАРОДНЫЙ СТАНДАРТНЫЙ НОМЕР КНИГИ (ISBN) | |
| Номер (ISBN) | 978-5-00259-088-9 |
| Уточнения | ч. 2 |
| Тираж | 300 |
| 021 ## - НОМЕР ГОСУДАРСТВЕННОЙ РЕГИСТРАЦИИ | |
| Код страны | Российская Федерация |
| Номер | КН-П-25-076004 |
| Номер Листа государственной регистраци | КН-П-25-7365 |
| 035 ## - ДРУГИЕ СИСТЕМНЫЕ НОМЕРА | |
| Идентификатор записи | (NLR Aleph) 022712710 |
| 100 ## - ДАННЫЕ ОБЩЕЙ ОБРАБОТКИ | |
| Данные общей обработки | 20260130d2025 u y0rusy50 ca |
| 101 0# - ЯЗЫК РЕСУРСА | |
| Язык текста, звукозаписи и т.д. | русский |
| 102 ## - СТРАНА ПУБЛИКАЦИИ ИЛИ ПРОИЗВОДСТВА | |
| Страна публикации | Российская Федерация |
| 105 ## - ПОЛЕ КОДИРОВАННЫХ ДАННЫХ: ТЕКСТОВЫЕ МАТЕРИАЛЫ, МОНОГРАФИЧЕСКИЕ | |
| Кодированные данные о монографическом текстовом документе | a j 000yy |
| 200 0# - ЗАГЛАВИЕ И СВЕДЕНИЯ ОБ ОТВЕТСТВЕННОСТИ | |
| Основное заглавие | Ч. 1 |
| Сведения, относящиеся к заглавию | для студентов III-IV курсов по дисциплинам "Ортопедическая стоматология. Факультетский курс", "Ортодонтическое лечение при травматической окклюзии и повышенной стираемости зубов" |
| 210 ## - ПУБЛИКАЦИЯ, РАСПРОСТРАНЕНИЕ И ДР. | |
| Дата издания, распространения и т.д. | 2025 |
| 215 ## - ФИЗИЧЕСКАЯ ХАРАКТЕРИСТИКА | |
| Специфическое обозначение материала и объем | 75, [1] с. |
| Другие сведения о физической характеристике | табл. |
| 320 ## - ПРИМЕЧАНИЯ О НАЛИЧИИ В ДОКУМЕНТЕ БИБЛИОГРАФИИ / УКАЗАТЕЛЯ | |
| Текст примечания | Библиогр. в конце кн. (14 назв.) |
| 461 #0 - УРОВЕНЬ НАБОРА | |
| Встроенное поле | 001RU\NLR\BIBL_A\022712708 |
| -- | 2001#$aСборник клинических задач$vЧ. 1 |
| Системный номер (АБИС) связанной записи | 13547989 |
| Место публикации | Санкт-Петербург |
| Дата публикации | 2025 |
| Издание | изд. 2-е, перераб. и доп. |
| Первые сведения об ответственности | заслуженный деятель науки России, профессор В. Н. Трезубов, профессор Л. Я. Кусевицкий, профессор Е. А. Булычева [и др.] |
| Имя издателя, распространителя и т.д. | РИЦ ПСПбГМУ |
| Сведения, относящиеся к заглавию | для студентов стоматологического факультета по специальности 31.05.03 - Стоматология |
| Заглавие | Сборник клинических задач |
| ISBN | 978-5-00259-087-2 |
| Номер тома | Ч. 1 |
| 942 ## - ДОПОЛНИТЕЛЬНЫЕ ЭЛЕМЕНТЫ ЗАПИСИ (АБИС) | |
| Тип экземпляра АБИС | Книга |
| 980 ## - КОЛЛЕКЦИЯ | |
| Название коллекции | Национальная библиография |
Нет доступных экземпляров.